Rolling Stone's 100 Greatest TV Shows Quiz Stats

 Plays Quiz Updated Jan 5, 2018

Challenge
Share
Tweet
Embed
Score 0/100 Timer 20:00
5 Plays Today
# Series % Correct
3Breaking Bad
91.5%
26Friends
91.5%
21The Office (U.K.)
89.7%
48The Office (US)
89.7%
5Seinfeld
89.2%
1The Sopranos
86.5%
12Game of Thrones
85.7%
18Star Trek
83.8%
8Saturday Night Live
82.4%
5624
81.2%
6The Simpsons
80.8%
3430 Rock
79.8%
30The Tonight Show with Johnny Carson
78.2%
38Buffy the Vampire Slayer
77.7%
28The X-Files
76.1%
25Veep
75.9%
65Happy Days
75.7%
20Cheers
75.6%
54The Muppet Show
75%
32I Love Lucy
74.1%
13Late Night / The Late Show with David Letterman
73.5%
70Roseanne
73%
83House of Cards
72.9%
27Arrested Development
72.3%
10The Daily Show
71.8%
98The Golden Girls
71.3%
33South Park
70.9%
49Taxi
70.6%
4Mad Men
70.1%
50ER
69.9%
19Curb Your Enthusiasm
69.7%
94Jeopardy!
69.2%
2The Wire
68.5%
29Monty Python's Flying Circus
68.4%
# Series % Correct
92American Idol
68.3%
62Sex and the City
66.6%
39Lost
66.1%
52The Colbert Report
65.2%
72Girls
64.8%
66Downton Abbey
62.4%
7The Twilight Zone
60%
77The Walking Dead
59.4%
16M*A*S*H
58.1%
9All in the Family
57.4%
22Louie
56.8%
42NYPD Blue
56.5%
44Columbo
56.3%
17Twin Peaks
56.1%
15The West Wing
54.1%
37Orange Is the New Black
53%
81Dallas
51.7%
64Chappelle's Show
51.5%
79In Living Color
50.2%
76Late Night with Conan O'Brien
50.2%
36Law & Order
49.7%
46The Mary Tyler Moore Show
49.3%
89Homeland
48.9%
85The Real World
48.7%
43The Americans
48.7%
57Fawlty Towers
48.3%
60Beavis and Butt-Head
48.2%
63The Wonder Years
46.9%
95Key & Peele
46.7%
40The Shield
46.5%
97Portlandia
45.8%
35My So-Called Life
45.5%
11Freaks and Geeks
45.3%
41The Honeymooners
45.3%
# Series % Correct
67The Odd Couple
44.6%
58Roots
44.5%
24Friday Night Lights
44.4%
73Transparent
43.8%
14The Larry Sanders Show
43.3%
84Real Time with Bill Maher
42.9%
23Deadwood
41.8%
55Six Feet Under
40.9%
31Sesame Street
40.3%
86Good Times
40.1%
82The Jeffersons
39%
47The Rockford Files
38.7%
87Doctor Who
38.2%
100Eastbound and Down
35.8%
59Hill Street Blues
35.6%
96Gunsmoke
35.6%
99Oz
34.9%
53The Bob Newhart Show
33.1%
90The Dick Van Dyke Show
30.7%
75American Crime Story: The People v. OJ Simpson
30.6%
45Battlestar Galactica
28.9%
69The Ed Sullivan Show
23.1%
80The Fugitive
22.6%
78thirtysomething
21.8%
61Your Show of Shows
21.5%
71Mr. Show
21.4%
91Broad City
20.2%
93Mystery Science Theater 3000
19.1%
88Party Down
18.4%
51Fargo
16.6%
74The Ren & Stimpy Show
14.7%
68The State
12.4%

You're not logged in!

Compare scores with friends on all Sporcle quizzes.
OR
Log In

You Might Also Like...

Show Comments

Extras

Top Quizzes Today


Score Distribution

Your Account Isn't Verified!

In order to create a playlist on Sporcle, you need to verify the email address you used during registration. Go to your Sporcle Settings to finish the process.

Report this User

Report this user for behavior that violates our Community Guidelines.

Details: